000 01060nam a22002175i 4500
001 167543
003 ES-MaACL
005 20250805050016.0
008 960723s1871 sp a |||| | spa d
040 _aCYL
_bspa
_cCYL
100 1 _aVilanova y Piera, Juan,
_d1821-1893
_9114785
245 1 0 _aViaje cientifico á Dinamarca y Suecia con motivo del Congreso Internacional Prehistórico, celebrado en Copenhague en 1869 /
_cpor Juan Vilanova y Piera y Francisco M. Tubino.
260 _aMadrid :
_b[s.n.],
_c1871 (
_fImprenta de A. Gomez Fuentenebro)
300 _aLII, 269, [9] h. de lam. :
_bil. ;
_c23 cm.
599 1 _aLas h. de grab. lit.: "A Perea, Paris" retrato de Worsae, junto a port., el resto "Vilanova y Tubino, Lit. de Kraus, Madrid" al final del texto.
650 4 _aPrehistoria-
_vCongresos y asambleas.
_9152030
700 1 1 _aTubino, Francisco María,
_d1833-1888
_9111620
711 2 _aCongreso Internacional Prehistórico (
_d1869.
_cCopenhague)
_9152031
852 _aES-MaACL
_jG-12715
_z-- Enc. cart.
999 _c167543
_d167543